[Event "FIDE Grand Swiss 2019"]
[Site "Douglas"]
[Date "10.10.2019"]
[Round "1.46"]
[White "Henderson de La Fuente, Lance"]
[Black "Saric, Ivan"]
[Result "1/2-1/2"]
[WhiteTitle "IM"]
[BlackTitle "GM"]
[WhiteElo "2494"]
[BlackElo "2667"]
[WhiteFideId "32096585"]
[BlackFideId "14508150"]
[EventDate "2019.10.10"]

1. e4 c5 2. Nf3 d6 3. d4 cxd4 4. Nxd4 Nf6 5. Nc3 a6 6. Bg5 Nbd7 7. Qe2 e6 8.
O-O-O Qc7 9. g4 h6 10. Be3 b5 11. Bg2 b4 12. e5 bxc3 13. Bxa8 Qb8 14. Nb3 cxb2+
15. Kb1 Qxa8 16. exf6 Bb7 17. fxg7 Bxg7 18. Rhg1 Bf3 19. Qd2 Bxd1 20. Rxd1 d5
21. Bd4 Bxd4 22. Qxd4 Rg8 23. h3 Qc6 24. Rd3 Qb6 25. c4 Qxd4 26. Rxd4 Nb6 27.
cxd5 Nxd5 28. Kxb2 h5 29. Nc5 hxg4 30. hxg4 Rh8 31. Nxa6 Rh2 32. Rd2 Ne3 33. Kc3
Nxg4 34. Nc5 Rxf2 35. Rxf2 Nxf2 36. a4 Kd8 37. Kd4 Ng4 38. a5 Kc7 39. Ne4 f5 40.
Ng5 e5+ 41. Kd5 Kb7 42. Ke6 Ka6 1/2-1/2

[Event "FIDE Grand Swiss 2019"]
[Site "Douglas"]
[Date "10.10.2019"]
[Round "1.47"]
[White "Fedoseev, Vladimir3"]
[Black "Prithu, Gupta"]
[Result "1-0"]
[WhiteTitle "GM"]
[BlackTitle "GM"]
[WhiteElo "2664"]
[BlackElo "2493"]
[WhiteFideId "24130737"]
[BlackFideId "46618546"]
[EventDate "2019.10.10"]

1. d4 Nf6 2. Nf3 e6 3. c4 b6 4. g3 Ba6 5. b3 Bb4+ 6. Bd2 Be7 7. Nc3 d5 8. cxd5
exd5 9. Bg2 O-O 10. O-O Re8 11. Ne5 Bb7 12. Bc1 Na6 13. Bb2 c5 14. dxc5 bxc5 15.
e3 Nc7 16. Rc1 Ne6 17. Rc2 Qd6 18. Ng4 Rad8 19. Rd2 Nc7 20. Nxf6+ Bxf6 21. Ne4
Rxe4 22. Bxf6 Rde8 23. Bg5 Qg6 24. Bxe4 Qxe4 25. f3 Qf5 26. Bf4 Ne6 27. b4 g5
28. Qa4 Rd8 29. e4 Qf6 30. Qxa7 Qe7 31. bxc5 gxf4 32. c6 1-0

[Event "FIDE Grand Swiss 2019"]
[Site "Douglas"]
[Date "10.10.2019"]
[Round "1.48"]
[White "Paehtz, Elisabeth"]
[Black "Maghsoodloo, Parham"]
[Result "1/2-1/2"]
[WhiteTitle "IM"]
[BlackTitle "GM"]
[WhiteElo "2489"]
[BlackElo "2664"]
[WhiteFideId "4641833"]
[BlackFideId "12539929"]
[EventDate "2019.10.10"]

1. e4 c5 2. Nf3 Nc6 3. Bb5 g6 4. Bxc6 dxc6 5. d3 Qc7 6. Nc3 e5 7. O-O Nf6 8. a4
Nh5 9. Be3 h6 10. Nd2 Nf4 11. a5 Rb8 12. Nc4 Ne6 13. Ne2 g5 14. Ng3 Nf4 15. b4
Be6 16. bxc5 Bxc4 17. dxc4 Rd8 18. Qe1 f6 19. a6 Rh7 20. Nf5 bxa6 21. Rxa6 Ne6
22. Qb4 Rhd7 23. Qa4 Rc8 24. Ra5 Rcd8 25. Ra6 Rc8 26. Ra5 Kf7 27. g3 Kg6 28. Ra1
Qd8 29. Kg2 Rcc7 30. h3 Qe8 31. Qa3 Qd8 32. Qa4 h5 33. c3 Qb8 34. Qa2 Rb7 35.
Qa4 Nd8 36. Rd1 Qc7 37. Rxd7 Qxd7 38. Qc2 Ne6 39. h4 g4 40. Kh2 Qd8 41. Ra6 Rc7
42. Nd6 Bxd6 43. cxd6 Qxd6 44. Bxa7 Rd7 45. Be3 Nd8 46. Ra2 Qd3 47. Qxd3 Rxd3
48. Ra8 Kf7 49. Kg2 Nb7 50. Ra7 Rd7 51. f3 Kg6 52. fxg4 hxg4 53. Kf2 Rf7 54. Ke2
Nd6 55. Rxf7 Kxf7 56. Kd3 Ne8 57. Bh6 Nc7 58. Be3 Ne6 59. Bf2 Ng7 60. Be1 Ke6
61. Bf2 f5 62. exf5+ Kxf5 63. Bb6 Nh5 64. Bf2 Nf6 65. Be1 Ne4 66. Ke3 Nc5 67.
Bd2 Na4 68. h5 Nc5 69. Bc1 Ne4 70. h6 Nf6 71. Ba3 Nh7 72. Be7 Ke6 73. Bd8 Kf5
74. Bh4 Nf8 75. Be7 Nh7 1/2-1/2

[Event "FIDE Grand Swiss 2019"]
[Site "Douglas"]
[Date "10.10.2019"]
[Round "1.49"]
[White "Shirov, Alexei"]
[Black "Kashlinskaya, Alina"]
[Result "1-0"]
[WhiteTitle "GM"]
[BlackTitle "IM"]
[WhiteElo "2664"]
[BlackElo "2481"]
[WhiteFideId "2209390"]
[BlackFideId "4198026"]
[EventDate "2019.10.10"]

1. d4 d5 2. c4 dxc4 3. e4 e5 4. Nf3 Bb4+ 5. Bd2 Bxd2+ 6. Qxd2 exd4 7. Qxd4 Qxd4
8. Nxd4 Nf6 9. Nc3 O-O 10. Bxc4 c5 11. Nb3 Nbd7 12. f4 Nb6 13. Be2 Bg4 14. Nxc5
Rfc8 15. Nxb7 Bxe2 16. Kxe2 Nc4 17. e5 Rab8 18. exf6 Rxb7 19. b3 Ne3 20. Rac1
Nxg2 21. Nd5 Re8+ 22. Kf2 Nh4 23. Rhe1 Rxe1 24. Rc8+ 1-0

[Event "FIDE Grand Swiss 2019"]
[Site "Douglas"]
[Date "10.10.2019"]
[Round "1.50"]
[White "Saduakassova, Dinara"]
[Black "Eljanov, Pavel"]
[Result "1/2-1/2"]
[WhiteTitle "IM"]
[BlackTitle "GM"]
[WhiteElo "2481"]
[BlackElo "2663"]
[WhiteFideId "13700090"]
[BlackFideId "14102951"]
[EventDate "2019.10.10"]

1. d4 d5 2. c4 e6 3. Nf3 c6 4. e3 Bd6 5. Bd3 f5 6. b3 Nh6 7. O-O Qe7 8. a4 a5 9.
Ba3 Bxa3 10. Nxa3 O-O 11. Nc2 Nd7 12. Qd2 Nf6 13. Ne5 Ne4 14. Bxe4 fxe4 15. f3
exf3 16. Nxf3 Nf7 17. Qc3 Bd7 18. Rae1 dxc4 19. Qxc4 b5 20. Qd3 bxa4 21. bxa4 c5
22. dxc5 e5 23. Qa3 Rfc8 24. c6 Qxa3 25. Nxa3 Rxc6 26. Rd1 Be6 27. Rb1 h6 28.
Nb5 Rc4 29. Rfd1 Bf5 30. Ra1 Rac8 31. Nd6 Nxd6 32. Rxd6 R8c5 33. Rad1 Rxa4 34.
R6d5 Rc2 35. Rxe5 Be4 36. Rd2 Kh7 37. Kf2 Rc7 38. Rb2 Bg6 39. Nd4 Ra1 40. Ne6
Rf7+ 41. Kg3 Rf5 42. Rb8 Raf1 43. Rxf5 Bxf5 44. Nc5 Rb1 45. Rf8 Bc2 46. Ra8 Rb5
47. Ne6 Be4 48. Ra7 Kg6 49. Kf4 Bxg2 50. Rxg7+ Kf6 51. Rxg2 Rf5+ 52. Ke4 Re5+
53. Kd4 Rxe6 54. Rf2+ Ke7 55. Ra2 Ra6 56. Kc5 Ke6 1/2-1/2

[Event "FIDE Grand Swiss 2019"]
[Site "Douglas"]
[Date "10.10.2019"]
[Round "1.51"]
[White "Dreev, Aleksey"]
[Black "Stefanova, Antoaneta"]
[Result "1-0"]
[WhiteTitle "GM"]
[BlackTitle "GM"]
[WhiteElo "2662"]
[BlackElo "2479"]
[WhiteFideId "4100107"]
[BlackFideId "2902257"]
[EventDate "2019.10.10"]

1. d4 Nf6 2. Nf3 g6 3. g3 Bg7 4. Bg2 d5 5. c4 c6 6. Qb3 O-O 7. O-O Qb6 8. Nc3
Rd8 9. Bd2 dxc4 10. Qxc4 Qxb2 11. e4 Qa3 12. Ng5 e6 13. e5 Nd5 14. Rac1 h6 15.
Nge4 b6 16. Nb1 Qe7 17. Rfe1 a5 18. Nd6 Bd7 19. Nc3 Na6 20. Qb3 Rdb8 21. Nce4 c5
22. g4 cxd4 23. Qg3 g5 24. h4 gxh4 25. Qh2 f6 26. exf6 Nxf6 27. g5 Nxe4 28. Nxe4
hxg5 29. Bxg5 Qf7 30. Qxh4 Qg6 31. Nf6+ Bxf6 32. Bxf6 Nc5 33. Re5 Kf7 34. Rg5
Rg8 35. Rxg6 Rxg6 36. Be5 Rag8 37. Bg3 e5 38. Qh5 e4 39. Qd5+ 1-0

[Event "FIDE Grand Swiss 2019"]
[Site "Douglas"]
[Date "10.10.2019"]
[Round "1.52"]
[White "Sadhwani, Raunak"]
[Black "Sjugirov, Sanan"]
[Result "1-0"]
[WhiteTitle "IM"]
[BlackTitle "GM"]
[WhiteElo "2479"]
[BlackElo "2662"]
[WhiteFideId "35093487"]
[BlackFideId "4189302"]
[EventDate "2019.10.10"]

1. e4 c5 2. Nf3 d6 3. Bb5+ Bd7 4. Bxd7+ Nxd7 5. O-O Ngf6 6. Qe2 Rc8 7. d3 e6 8.
b3 Be7 9. Bb2 O-O 10. Nbd2 Nb8 11. c4 e5 12. Ne1 Nc6 13. g3 Ne8 14. Nc2 Bf6 15.
Ne3 g6 16. f4 exf4 17. Bxf6 Nxf6 18. gxf4 Nd4 19. Qg2 Qa5 20. e5 dxe5 21. fxe5
Nd7 22. Nd5 Nxe5 23. Nf6+ Kg7 24. Qg5 Rce8 25. Kh1 Re6 26. Nde4 Qd8 27. Ng3 Kh8
28. Ngh5 b5 29. Rae1 Rg8 30. Qh6 Qa8+ 31. Re4 Rxf6 32. Nxf6 Rg7 33. Kg1 1-0

[Event "FIDE Grand Swiss 2019"]
[Site "Douglas"]
[Date "10.10.2019"]
[Round "1.53"]
[White "Kovalev, Vladislav"]
[Black "Movsziszian, Karen"]
[Result "1/2-1/2"]
[WhiteTitle "GM"]
[BlackTitle "GM"]
[WhiteElo "2661"]
[BlackElo "2475"]
[WhiteFideId "13504398"]
[BlackFideId "13301152"]
[EventDate "2019.10.10"]

1. e4 g6 2. d4 Bg7 3. Nc3 d6 4. g3 Nf6 5. Bg2 O-O 6. h3 e5 7. Nge2 c6 8. a4 a5
9. Be3 Na6 10. O-O Nb4 11. Qd2 Be6 12. f4 Bc4 13. Rfe1 Re8 14. g4 exf4 15. Nxf4
d5 16. e5 Nd7 17. b3 Ba6 18. Rad1 f6 19. exf6 Qxf6 20. Nb1 Nf8 21. c3 Rxe3 22.
Rxe3 Qxf4 23. cxb4 axb4 24. Ree1 Qxd2 25. Rxd2 b5 26. axb5 Bxb5 27. Bf1 Bxf1 28.
Kxf1 g5 29. Rc2 Ng6 30. Rxc6 Rf8+ 31. Ke2 Bxd4 32. Rf1 Nf4+ 33. Kd1 Nxh3 34.
Rxf8+ Kxf8 35. Ke2 Nf4+ 36. Kf3 Kf7 37. Rc7+ Kg6 38. Rb7 Bc5 39. Rb5 Ne6 40. Kg3
h5 41. Nd2 h4+ 42. Kh2 Kf6 43. Nf3 d4 44. Ra5 d3 45. Kh1 Ke7 46. Ra1 Kd6 47. Rd1
Kd5 48. Ne1 Nf4 49. Nxd3 Nxd3 50. Rxd3+ Ke4 51. Rd7 Kf3 52. Rc7 Bd6 53. Rc4 Kg3
54. Rd4 Be7 55. Rc4 Bd6 56. Re4 Bf8 1/2-1/2

[Event "FIDE Grand Swiss 2019"]
[Site "Douglas"]
[Date "10.10.2019"]
[Round "1.54"]
[White "Lei, Tingjie"]
[Black "Ganguly, Surya Shekhar"]
[Result "1/2-1/2"]
[WhiteTitle "GM"]
[BlackTitle "GM"]
[WhiteElo "2469"]
[BlackElo "2658"]
[WhiteFideId "8605114"]
[BlackFideId "5002150"]
[EventDate "2019.10.10"]

1. e4 c5 2. Nf3 d6 3. d4 cxd4 4. Nxd4 Nf6 5. Nc3 a6 6. h3 e5 7. Nde2 h5 8. Nd5
Nxd5 9. Qxd5 Nc6 10. Be3 Be6 11. Qd2 d5 12. exd5 Qxd5 13. Qxd5 Bxd5 14. Nc3 Nb4
15. Nxd5 Nxd5 16. Bd2 Nb4 17. Bxb4 Bxb4+ 18. c3 Bc5 19. Bc4 Rd8 20. Ke2 Rh6 21.
Rhd1 Rhd6 22. Rxd6 Rxd6 23. a4 a5 24. b4 axb4 25. cxb4 Bxb4 26. Rb1 Bc3 27. Rxb7
f5 28. Bd3 e4 29. Bb5+ Kd8 30. f3 g5 31. fxe4 Rd2+ 32. Ke3 fxe4 33. g4 Rh2 1/2-1/2

[Event "FIDE Grand Swiss 2019"]
[Site "Douglas"]
[Date "10.10.2019"]
[Round "1.55"]
[White "Nabaty, Tamir"]
[Black "Atalik, Ekaterina"]
[Result "1/2-1/2"]
[WhiteTitle "GM"]
[BlackTitle "IM"]
[WhiteElo "2658"]
[BlackElo "2464"]
[WhiteFideId "2809052"]
[BlackFideId "4130189"]
[EventDate "2019.10.10"]

1. b3 e5 2. Bb2 Nc6 3. e3 d5 4. Bb5 Bd6 5. f4 Qe7 6. Nf3 Bg4 7. c4 O-O-O 8. Bxc6
bxc6 9. h3 Bxf3 10. Qxf3 exf4 11. cxd5 Be5 12. Nc3 cxd5 13. O-O-O Nf6 14. exf4
Bxc3 15. dxc3 Rhe8 16. c4 Qe2 17. cxd5 Qxf3 18. gxf3 Nxd5 19. Bxg7 Nxf4 20.
Rxd8+ Rxd8 21. h4 Ne2+ 22. Kb1 Ng3 23. Rc1 Rd5 24. Rc4 Nf5 25. Bc3 Nd6 26. Ra4
Kb7 27. Kc2 h5 28. Bd2 Nf5 29. Rb4+ Kc6 30. Kc3 Rc5+ 31. Kd3 Rd5+ 32. Kc3 Rc5+
33. Kb2 a6 34. Bg5 Re5 35. Rc4+ Rc5 36. Ra4 Kb7 37. Re4 Rd5 38. Kc3 Rc5+ 39. Kd2
Rd5+ 40. Ke1 Ra5 41. a4 Rd5 42. Kf2 Kc6 43. Re8 Kd7 44. Rd8+ Ke6 45. Ra8 a5 46.
Ra6+ Kd7 47. Rf6 Ke8 48. Rc6 Kd7 49. Rf6 Ke8 50. Rc6 Kd7 51. Rc4 Nd4 52. b4 axb4
53. Rxb4 Ne6 54. Be3 Kc6 55. Ke2 Ra5 56. Re4 Rd5 57. Bf2 Rf5 58. Bg3 Rc5 59. Kd2
Rd5+ 60. Ke3 Rc5 61. Be1 Rc1 62. Kf2 Nc5 63. Rd4 Ne6 64. Rd3 Rc4 65. Rc3 Rxc3
66. Bxc3 Kd5 67. a5 c5 68. Ke3 f5 69. a6 Kc6 70. Ba5 c4 71. a7 Kb7 72. Bb6 Ka8
73. Kd2 Nf4 74. Bf2 Nd5 75. Kc2 Kb7 76. Bd4 Ka8 77. Kb2 Kb7 78. Ka3 Ka8 79. Ka4
Kb7 80. Bg7 Ka8 81. Bd4 Kb7 82. Bc5 Ka8 83. Bf2 Kb7 84. Bg1 Ka8 85. Bf2 Kb7 86.
Bc5 Ka8 87. Bd4 1/2-1/2

[Event "FIDE Grand Swiss 2019"]
[Site "Douglas"]
[Date "10.10.2019"]
[Round "1.56"]
[White "Erenberg, Ariel"]
[Black "Kasimdzhanov, Rustam"]
[Result "1/2-1/2"]
[WhiteTitle "IM"]
[BlackTitle "GM"]
[WhiteElo "2463"]
[BlackElo "2657"]
[WhiteFideId "2811634"]
[BlackFideId "14200244"]
[EventDate "2019.10.10"]

1. d4 Nf6 2. c4 e6 3. Nf3 d5 4. Nc3 dxc4 5. e4 b5 6. e5 Nd5 7. Nxb5 Nb6 8. Be2
Be7 9. O-O Nc6 10. Qd2 Bb7 11. Qf4 a6 12. Nc3 g5 13. Nxg5 Bxg5 14. Qxg5 Qxg5 15.
Bxg5 Nxd4 16. f4 Rg8 17. g3 a5 18. Kf2 a4 19. a3 c5 20. Rad1 Bc6 21. Rd2 Rb8 22.
Rfd1 Bd5 23. h4 Rb7 24. h5 Kd7 25. h6 Kc6 26. Bh5 Nb3 27. Re2 Nd4 28. Red2 Nb3
29. Re2 Nd4 30. Red2 1/2-1/2

[Event "FIDE Grand Swiss 2019"]
[Site "Douglas"]
[Date "10.10.2019"]
[Round "1.57"]
[White "Demchenko, Anton"]
[Black "Cramling, Pia"]
[Result "1-0"]
[WhiteTitle "GM"]
[BlackTitle "GM"]
[WhiteElo "2655"]
[BlackElo "2462"]
[WhiteFideId "4160258"]
[BlackFideId "1700030"]
[EventDate "2019.10.10"]

1. e4 e5 2. Nf3 Nc6 3. Bc4 Bc5 4. d3 Nf6 5. a4 a6 6. O-O d6 7. c3 Ba7 8. Nbd2
O-O 9. h3 Be6 10. Bxe6 fxe6 11. b4 Qe8 12. Ra2 Nh5 13. Nb3 Nf4 14. Kh2 Qh5 15.
Ng1 Qxd1 16. Rxd1 Nh5 17. Nf3 h6 18. Rc2 Nf6 19. Re1 Nd7 20. a5 b6 21. axb6 Bxb6
22. d4 exd4 23. Nfxd4 Nxd4 24. cxd4 e5 25. Be3 Rab8 26. Rd1 Rf7 27. f3 exd4 28.
Nxd4 Ne5 29. Ra2 Bxd4 30. Bxd4 Nc6 31. Bc3 Nxb4 32. Ra4 Nc6 33. Rxa6 Ne7 34. Ba5
Ng6 35. Rd2 Rb7 36. Rc2 Nf4 37. Ra8+ Kh7 38. Re8 Ra7 39. Bd2 Ng6 40. Rc8 Ne5 41.
Be3 Rb7 42. Kg3 Re7 43. Rc3 Rd7 44. h4 h5 45. Bg5 c5 46. Bf4 Rbc7 47. Ra8 Nc6
48. Ra2 Rb7 49. Rd2 Nd4 50. Be3 Nb5 51. Rc1 Ra7 52. Rb2 Nc7 53. Rb6 Ne8 54. Rcb1
Ra3 55. Bf4 Rd3 56. Re1 Re7 57. Kf2 Rf7 58. Ke2 c4 59. Bg5 Ra7 60. Rc6 Ra2+ 61.
Kf1 Rc2 62. Re2 Rcc3 63. Bd2 Rc2 64. Bf4 Rcc3 65. Ke1 Kg8 66. Ra2 Ra3 67. Rxa3
Rxa3 68. Rxc4 Ra2 69. Kf1 Kf7 70. Rd4 Ke6 71. Rd5 g6 72. Rg5 Kf7 73. Rb5 Ra7 74.
Rb6 Ke6 75. Kf2 Ke7 76. Kg3 Rd7 77. Bd2 Ke6 78. Bc1 Rc7 79. Bf4 Ke7 80. Ra6 Rc2
81. Bg5+ Kf7 82. Bd8 Rc8 83. Ra7+ Kg8 84. Be7 Rc6 85. Rd7 Rb6 86. Kf4 Rb2 87.
Kg3 Rb6 88. Bg5 Rc6 89. Bf4 Ra6 90. Bd2 Rb6 91. Ba5 Rb5 92. Bd8 Rc5 93. Re7 Kf8
94. Ra7 Kg8 95. Be7 Rc6 96. Rb7 Ra6 97. Bd8 Rc6 98. Ba5 Ra6 99. Bb4 Rc6 100. Kf4
Rc2 101. g3 Rc6 102. Kg5 Nc7 103. Kxg6 d5+ 104. Kxh5 dxe4 105. fxe4 Ne8 106. Kg5
Nf6 107. Kf5 Nh5 108. g4 Ng7+ 109. Ke5 1-0

[Event "FIDE Grand Swiss 2019"]
[Site "Douglas"]
[Date "10.10.2019"]
[Round "1.58"]
[White "Jansa, Vlastimil"]
[Black "Sarana, Alexey"]
[Result "0-1"]
[WhiteTitle "GM"]
[BlackTitle "GM"]
[WhiteElo "2452"]
[BlackElo "2655"]
[WhiteFideId "300128"]
[BlackFideId "24133795"]
[EventDate "2019.10.10"]

1. e4 c5 2. Nf3 g6 3. c3 d5 4. e5 Nc6 5. h3 Qa5 6. d3 Bg7 7. Bf4 f6 8. exf6 Nxf6
9. Nbd2 O-O 10. Be2 Nh5 11. Bh2 Nf4 12. O-O Qb6 13. Nb3 a5 14. Bxf4 Rxf4 15. Qd2
Rf8 16. d4 cxd4 17. Nbxd4 Kh8 18. a4 e5 19. Nb5 Be6 20. Rfe1 Rad8 21. Bd1 Bf5
22. Nh2 e4 23. Qe3 d4 24. cxd4 Nxd4 25. Rc1 Qf6 26. Nc3 Qh4 27. Qg3 Qxg3 28.
fxg3 Bh6 29. Ra1 Bd2 30. Rf1 e3 31. Bg4 Bxg4 32. Nxg4 e2 33. Rxf8+ Rxf8 34. Nxe2
Nxe2+ 35. Kh2 Bc1 36. Ra3 Nd4 37. Ne5 Bxb2 38. Rd3 Nc6 39. Nc4 Ne5 0-1

[Event "FIDE Grand Swiss 2019"]
[Site "Douglas"]
[Date "10.10.2019"]
[Round "1.59"]
[White "Movsesian, Sergei"]
[Black "Gavrilescu, David"]
[Result "1/2-1/2"]
[WhiteTitle "GM"]
[BlackTitle "IM"]
[WhiteElo "2654"]
[BlackElo "2451"]
[WhiteFideId "310204"]
[BlackFideId "1227190"]
[EventDate "2019.10.10"]

1. e4 e6 2. d4 d5 3. e5 c5 4. c3 Nc6 5. Nf3 Qb6 6. Be2 cxd4 7. cxd4 Nh6 8. Nc3
Nf5 9. Na4 Qa5+ 10. Kf1 Bd7 11. Bd2 Qd8 12. Bg5 Qa5 13. b3 Ba3 14. h4 h5 15. Bd2
Qd8 16. Bc1 Be7 17. Bg5 f6 18. exf6 Bxf6 19. Nc5 Qe7 20. Bd3 Nfxd4 21. Bg6+ Kd8
22. Nxb7+ Kc7 23. Nxd4 Kxb7 24. Nf3 Qa3 25. Rb1 Ne7 26. Bd3 e5 27. Qd2 Bc6 28.
Be2 d4 29. b4 d3 30. Bxd3 Rad8 31. Rb3 Qa4 32. Nxe5 Bxe5 33. Bxe7 Rd7 34. Bg5
Bd5 35. Rh3 Bxb3 36. axb3 Qa1+ 37. Ke2 Qb2 38. Qxb2 Bxb2 39. Re3 Bc1 40. Re6
Bxg5 41. hxg5 Kc7 42. b5 Rhd8 43. Bc4 1/2-1/2

[Event "FIDE Grand Swiss 2019"]
[Site "Douglas"]
[Date "10.10.2019"]
[Round "1.60"]
[White "Arkell, Keith C"]
[Black "Oparin, Grigoriy"]
[Result "0-1"]
[WhiteTitle "GM"]
[BlackTitle "GM"]
[WhiteElo "2447"]
[BlackElo "2654"]
[WhiteFideId "400270"]
[BlackFideId "24125890"]
[EventDate "2019.10.10"]

1. d4 Nf6 2. Nf3 e6 3. c4 c5 4. d5 exd5 5. cxd5 d6 6. Nc3 g6 7. g3 Bg7 8. Bg2
O-O 9. O-O Re8 10. Nd2 a6 11. a4 Nbd7 12. Nc4 Ne5 13. Nxe5 Rxe5 14. Bf4 Re8 15.
Qc2 Ng4 16. a5 b5 17. axb6 Qxb6 18. Na4 Qd8 19. h3 Ne5 20. b3 Bf5 21. Qd2 Rb8
22. Ra3 Rb4 23. Nb2 Qb8 24. Qd1 Rd4 25. Qc1 h5 26. Bxe5 Rxe5 27. e3 Rb4 28. Nc4
Re8 29. Qd1 Bd7 30. Qc2 Bb5 31. Rd1 Bxc4 32. bxc4 Qb6 33. Qa2 Ra8 34. Ra5 Bc3
35. Rb5 Rxb5 36. cxb5 Qxb5 37. Bf1 Qd7 38. Bxa6 Qxh3 39. Qe2 h4 40. Qf1 Qxf1+
41. Bxf1 hxg3 42. fxg3 Ra2 43. Bc4 Rb2 44. Ra1 Be5 45. g4 Rc2 46. Ra4 Kg7 47.
Kf1 Kf6 48. Be2 Kg5 49. Kf2 Rd2 50. Kf3 f6 51. Bc4 Rh2 52. Be2 Rh3+ 53. Kf2 Bg3+
54. Kg1 Rh2 55. Ra2 Kh4 56. Rc2 c4 57. Kf1 Rf2+ 58. Ke1 Rf5+ 59. Kd1 Rxd5+ 60.
Rd2 Rg5 61. Rc2 d5 62. e4 dxe4 63. Rxc4 Re5 64. Kd2 Bf4+ 65. Ke1 Kg3 66. Rc3+ e3
67. Bd3 Kxg4 68. Bxg6 e2 69. Rc4 Kg5 70. Be4 f5 0-1

[Event "FIDE Grand Swiss 2019"]
[Site "Douglas"]
[Date "10.10.2019"]
[Round "1.61"]
[White "Sevian, Samuel"]
[Black "Sebag, Marie"]
[Result "1-0"]
[WhiteTitle "GM"]
[BlackTitle "GM"]
[WhiteElo "2654"]
[BlackElo "2445"]
[WhiteFideId "2040506"]
[BlackFideId "617822"]
[EventDate "2019.10.10"]

1. e4 c5 2. Nf3 d6 3. d4 cxd4 4. Nxd4 Nf6 5. Nc3 a6 6. Be3 e5 7. Nb3 Be6 8. f3
h5 9. Qd2 Nbd7 10. O-O-O Rc8 11. Kb1 Be7 12. g3 Qc7 13. Rg1 b5 14. Nd5 Nxd5 15.
exd5 Bf5 16. Bd3 Bxd3 17. Qxd3 g6 18. f4 f5 19. h3 Kf7 20. Qd2 b4 21. g4 hxg4
22. hxg4 Bf6 23. gxf5 gxf5 24. Rdf1 Rh5 25. Qe2 Rch8 26. Qxa6 Rh2 27. Qc6 Rc8
28. fxe5 Nxe5 29. Qxc7+ Rxc7 30. Rxf5 Rcxc2 31. Bd4 Ke7 32. Na5 Bh4 33. Rf4 Bf2 1-0

[Event "FIDE Grand Swiss 2019"]
[Site "Douglas"]
[Date "10.10.2019"]
[Round "1.62"]
[White "Clarke, Brandon G I"]
[Black "Motylev, Alexander"]
[Result "0-1"]
[WhiteTitle "IM"]
[BlackTitle "GM"]
[WhiteElo "2445"]
[BlackElo "2651"]
[WhiteFideId "400319"]
[BlackFideId "4121830"]
[EventDate "2019.10.10"]

1. e4 e5 2. Nf3 Nc6 3. Bb5 a6 4. Ba4 g6 5. d4 b5 6. Bb3 exd4 7. c3 Bg7 8. cxd4
Nge7 9. d5 Na5 10. Bd2 Nxb3 11. Qxb3 O-O 12. Ba5 d6 13. Nbd2 Qd7 14. Rc1 c5 15.
dxc6 Nxc6 16. Bc3 Ne5 17. Nxe5 dxe5 18. Ba5 Bh6 19. Rd1 Qb7 20. Qd5 Qb8 21. Qd3
Be6 22. b3 Rc8 23. a3 Qa7 24. O-O Qc5 25. b4 Qc3 26. Qxc3 Rxc3 27. Nf3 Bf4 28.
Ra1 Rac8 29. Bb6 f6 30. Rfd1 Bb3 31. Re1 Kf7 32. Bc5 a5 33. h3 a4 34. Nh2 Bd2
35. Reb1 Rc4 36. Nf1 Bc3 37. f3 Bxa1 38. Rxa1 Rd8 39. Ne3 Rc3 0-1

[Event "FIDE Grand Swiss 2019"]
[Site "Douglas"]
[Date "10.10.2019"]
[Round "1.63"]
[White "Melkumyan, Hrant"]
[Black "Bulmaga, Irina"]
[Result "1-0"]
[WhiteTitle "GM"]
[BlackTitle "IM"]
[WhiteElo "2650"]
[BlackElo "2442"]
[WhiteFideId "13302485"]
[BlackFideId "13903063"]
[EventDate "2019.10.10"]

1. d4 Nf6 2. c4 e6 3. Nf3 b6 4. g3 Bb7 5. Bg2 Be7 6. O-O O-O 7. Nc3 Ne4 8. Bd2
Bf6 9. Re1 c5 10. d5 exd5 11. cxd5 Nxd2 12. Qxd2 d6 13. Qf4 Na6 14. e4 g5 15.
Qg4 Nb4 16. e5 dxe5 17. Qh5 Nc2 18. Nh4 Nxe1 19. Be4 Re8 20. Qxh7+ Kf8 21. Nf5
Bc8 22. Nh6 Qd7 23. d6 1-0

[Event "FIDE Grand Swiss 2019"]
[Site "Douglas"]
[Date "10.10.2019"]
[Round "1.64"]
[White "Ushenina, Anna"]
[Black "Lenderman, Aleksandr"]
[Result "1/2-1/2"]
[WhiteTitle "GM"]
[BlackTitle "GM"]
[WhiteElo "2431"]
[BlackElo "2648"]
[WhiteFideId "14110911"]
[BlackFideId "2021285"]
[EventDate "2019.10.10"]

1. d4 e6 2. e4 d5 3. Nd2 Nf6 4. e5 Nfd7 5. Bd3 c5 6. c3 b6 7. Ne2 Ba6 8. Bxa6
Nxa6 9. O-O Be7 10. Nf3 O-O 11. Ng3 cxd4 12. Nxd4 Rc8 13. Qg4 Kh8 14. Bf4 Nac5
15. Rad1 Rg8 16. Rfe1 Qe8 17. Bc1 Nf8 18. Nf3 Qa4 19. Qxa4 Nxa4 20. Rd4 Nc5 21.
h4 h6 22. Red1 Nfd7 23. c4 dxc4 24. Rxd7 Nxd7 25. Rxd7 Rge8 26. Rxa7 Ra8 27.
Rxa8 Rxa8 28. a3 Rd8 29. Bd2 Bxh4 30. Ne4 Be7 31. Kf1 g5 32. Bc3 Kh7 33. Ke2 Kg6
34. g4 h5 35. gxh5+ Kxh5 36. Nd4 Bf8 37. Nd2 Rc8 38. Nb5 Rc6 39. Bd4 Bc5 40. Na7
Rc7 41. Nb5 Rc6 42. Na7 Rc7 43. Nb5 1/2-1/2

[Event "FIDE Grand Swiss 2019"]
[Site "Douglas"]
[Date "10.10.2019"]
[Round "1.65"]
[White "Mamedov, Rauf"]
[Black "Houska, Jovanka"]
[Result "1-0"]
[WhiteTitle "GM"]
[BlackTitle "IM"]
[WhiteElo "2645"]
[BlackElo "2430"]
[WhiteFideId "13401653"]
[BlackFideId "405094"]
[EventDate "2019.10.10"]

1. e4 c6 2. Nc3 d5 3. Nf3 dxe4 4. Nxe4 Nf6 5. Qe2 Nxe4 6. Qxe4 Nd7 7. Bc4 Nf6 8.
Ne5 Nd5 9. d4 g6 10. Qf3 Be6 11. O-O Bg7 12. Re1 O-O 13. c3 Rc8 14. Bb3 Nc7 15.
Bc2 Nd5 16. Bb3 Nc7 17. Nd3 Bd5 18. Qh3 a5 19. Nc5 Na6 20. Bg5 Nxc5 21. Bxe7
Nxb3 22. Bxd8 Be6 23. Rxe6 Nxa1 24. Be7 Rfe8 25. Re5 c5 26. Qd7 cxd4 27. Rc5 Ra8
28. g3 dxc3 29. bxc3 Nc2 30. Rc7 Ne1 31. Qd5 Ra6 32. Bd6 Kh8 33. Qxf7 Nf3+ 34.
Kg2 Rg8 35. Bf8 1-0

[Event "FIDE Grand Swiss 2019"]
[Site "Douglas"]
[Date "10.10.2019"]
[Round "1.66"]
[White "Rakotomaharo, Fy Antenaina"]
[Black "Papaioannou, Ioannis"]
[Result "1/2-1/2"]
[WhiteTitle "IM"]
[BlackTitle "GM"]
[WhiteElo "2428"]
[BlackElo "2645"]
[WhiteFideId "13100050"]
[BlackFideId "4201345"]
[EventDate "2019.10.10"]

1. e4 c5 2. Nf3 e6 3. d4 cxd4 4. Nxd4 Nc6 5. Nc3 Qc7 6. g3 a6 7. Bg2 Nge7 8.
Nde2 Ng6 9. Be3 Nge5 10. O-O Be7 11. b3 O-O 12. Na4 b5 13. Nb6 Rb8 14. Nxc8
Rbxc8 15. h3 d6 16. Qd2 Nd7 17. Rad1 Nf6 18. c3 Rfd8 19. f4 d5 20. e5 Ne4 21.
Qd3 Nc5 22. Qc2 Nd7 23. h4 Bc5 24. Bxc5 Nxc5 25. h5 b4 26. c4 Qb6 27. Kh2 Ne7
28. Nd4 dxc4 29. bxc4 Qc7 30. h6 g6 1/2-1/2